The invisible man / (Record no. 141148)

MARC details
000 -LEADER
fixed length control field 00489nam a22001817a 4500
005 - DATE AND TIME OF LATEST TRANSACTION
control field 20170615143217.0
010 ## - LCCN (DPL NO)
LC control number ENG-118670
020 ## - INTERNATIONAL STANDARD BOOK NUMBER
International Standard Book Number 9789350650592
Terms of availability 175.00
035 ## - SYSTEM CONTROL NUMBER
System control number EN-102202
037 ## - SOURCE OF ACQUISITION
Source of stock number/acquisition DBAD/PUB
082 ## - DEWEY DECIMAL CLASSIFICATION NUMBER
Classification number N
100 ## - MAIN ENTRY--PERSONAL NAME
Personal name Wells, H.G.
245 ## - TITLE STATEMENT
Title The invisible man /
Statement of responsibility, etc by H.G. Wells
260 ## - PUBLICATION, DISTRIBUTION, ETC. (IMPRINT)
Place of publication, distribution, etc New Delhi
Name of publisher, distributor, etc Vishv Books
Date of publication, distribution, etc [2001?]
270 ## - ADDRESS
Address A-36, Site-IV, Sahibabad, Ghaziabad-201010, UP(India)
300 ## - PHYSICAL DESCRIPTION
Extent xii,176p
Dimensions 22cm.(pbk)
942 ## - ADDED ENTRY ELEMENTS (KOHA)
Source of classification or shelving scheme Dewey Decimal Classification
Item type English Books
Classification part N
Call number suffix WEL
Holdings
Withdrawn status Lost status Not for loan Collection code Home library Current library Date acquired Source of acquisition Cost, normal purchase price Full call number Barcode Copy number Cost, replacement price Koha item type
      Fiction Shahdara Branch Shahdara Branch 15/06/2017 1 175.00 N WEL EN-102202 1 175.00 English Books

© Delhi Public Library
Hit Counter
free hit counter